[Event "Giraldilla de La Habana op"]
[Site "Havana"]
[Date "2018.07.28"]
[Round "1"]
[White "Hernandez Herrera, Hanoy Fredy"]
[Black "Guevara Fernandez, Livan"]
[Result "1-0"]
[WhiteElo "2004"]
[BlackElo "1782"]
[PlyCount "51"]
[EventDate "2018.07.28"]
[EventType "swiss"]
[EventRounds "9"]
[EventCountry "CUB"]
[SourceTitle "EXT 2021"]
[Source "ChessBase"]
[SourceDate "2020.10.23"]
[SourceVersion "1"]
[SourceVersionDate "2020.10.23"]
[SourceQuality "1"]

1. e4 c5 2. Nc3 Nc6 3. g3 g6 4. Bg2 Bg7 5. d3 Nf6 6. Be3 d6 7. h3 0-0 8. f4 Rb8 9. Nce2 Qb6 10. Qc1 e5 11. Nf3 Re8 12. 0-0 d5 13. fxe5 Nd7 14. exd5 Ncxe5 15. Rb1 Nxf3+ 16. Rxf3 Ne5 17. Rf2 Qa5 18. a3 Bf5 19. Bh6 Bxd3 20. Bxg7 Kxg7 21. cxd3 Nxd3 22. Qc3+ Qxc3 23. bxc3 Nxf2 24. Kxf2 b5 25. Rd1 a5 26. d6 1-0

[Event "Capablanca Memorial U15 2nd"]
[Site "Havana"]
[Date "2018.05.19"]
[Round "7"]
[White "Medina Mulgado, Lien"]
[Black "Guevara Fernandez, Livan"]
[Result "1/2-1/2"]
[WhiteElo "1558"]
[BlackElo "1804"]
[PlyCount "79"]
[EventDate "2018.05.14"]
[EventType "swiss"]
[EventRounds "7"]
[EventCountry "CUB"]
[SourceTitle "EXT 2021"]
[Source "ChessBase"]
[SourceDate "2020.10.23"]
[SourceVersion "1"]
[SourceVersionDate "2020.10.23"]
[SourceQuality "1"]

1. d4 Nf6 2. Nf3 e6 3. e3 d5 4. Bd3 c5 5. c4 b6 6. b3 Bb7 7. Bb2 Nbd7 8. 0-0 Rc8 9. Nbd2 Be7 10. Ne5 Nxe5 11. dxe5 Nd7 12. f4 f5 13. cxd5 Bxd5 14. e4 fxe4 15. Bxe4 0-0 16. Qg4 Nb8 17. Rf3 Bc6 18. Qxe6+ Kh8 19. Qh3 h6 20. e6 Bf6 21. Bxf6 Qxf6 22. Re1 Qd4+ 23. Rf2 Rxf4 24. Qe3 Rxf2 25. Qxf2 Qxf2+ 26. Kxf2 Re8 27. Bxc6 Nxc6 28. Nc4 Nd4 29. Nd6 Rxe6 30. Rxe6 Nxe6 31. Nc8 Nf4 32. Nxa7 Nd3+ 33. Ke3 Nc1 34. Nc8 b5 35. Nd6 c4 36. bxc4 bxc4 37. a4 c3 38. a5 Nb3 39. Kd3 Nxa5 40. Kxc3 1/2-1/2

[Event "Capablanca Memorial U15 2nd"]
[Site "Havana"]
[Date "2018.05.15"]
[Round "3"]
[White "Ramos Silvera, Roberto Alejandro"]
[Black "Guevara Fernandez, Livan"]
[Result "1-0"]
[WhiteElo "1984"]
[BlackElo "1804"]
[PlyCount "65"]
[EventDate "2018.05.14"]
[EventType "swiss"]
[EventRounds "7"]
[EventCountry "CUB"]
[SourceTitle "EXT 2021"]
[Source "ChessBase"]
[SourceDate "2020.10.23"]
[SourceVersion "1"]
[SourceVersionDate "2020.10.23"]
[SourceQuality "1"]

1. e4 e6 2. d4 d5 3. Nd2 Nf6 4. Bd3 c5 5. c3 Nc6 6. e5 Nd7 7. Ne2 cxd4 8. cxd4 f6 9. exf6 Nxf6 10. 0-0 Bd6 11. Nf3 Qc7 12. Bg5 0-0 13. Bh4 e5 14. dxe5 Nxe5 15. Nxe5 Bxe5 16. Bg3 Be6 17. Nd4 Rae8 18. Rc1 Qb8 19. Bb5 Bxg3 20. hxg3 Bg4 21. Qd3 Re7 22. Rfe1 Rxe1+ 23. Rxe1 a6 24. Ba4 Ne4 25. Nf3 Bxf3 26. Qxd5+ Kh8 27. gxf3 Nxg3 28. Re5 Rd8 29. Qe6 b5 30. Bb3 Qa8 31. Bd5 Ne2+ 32. Rxe2 Qxd5 33. Qxd5 1-0

[Event "Maria Teresa Mora Memorial op"]
[Site "Havana"]
[Date "2018.??.??"]
[Round "5"]
[White "Diaz Rodriguez, Leandro"]
[Black "Guevara Fernandez, Livan"]
[Result "0-1"]
[WhiteElo "1809"]
[BlackElo "1904"]
[PlyCount "66"]
[EventDate "2018.03.08"]
[EventType "swiss"]
[EventRounds "9"]
[EventCountry "CUB"]
[SourceTitle "EXT 2021"]
[Source "ChessBase"]
[SourceDate "2020.10.23"]
[SourceVersion "1"]
[SourceVersionDate "2020.10.23"]
[SourceQuality "1"]

1. e4 e6 2. d3 d5 3. Nd2 Nf6 4. Ngf3 b6 5. g3 Bb7 6. e5 Nfd7 7. Bg2 c5 8. 0-0 Nc6 9. Re1 g6 10. Nf1 Bg7 11. Bf4 h6 12. h4 Qc7 13. Qe2 Ne7 14. c3 b5 15. Rac1 c4 16. dxc4 bxc4 17. Nd4 Ba6 18. Bh3 Nc5 19. Bg4 Nf5 20. Nxf5 gxf5 21. Bh5 Nd3 22. Rcd1 Nxe1 23. Rxe1 Bb7 24. Ne3 Qc6 25. Nxf5 exf5 26. e6 0-0 27. Bxf7+ Rxf7 28. exf7+ Kxf7 29. Qh5+ Kg8 30. Re7 Rf8 31. Rc7 Qb6 32. g4 fxg4 33. Re7 Rxf4 0-1